Ekonomické aspekty využitia biomasy v podmienkach Slovenska

Salvato in:
Dettagli Bibliografici
Autore principale: Polák, Matej
Natura: Capitolo di libro
Lingua:slovacco
Tags: Aggiungi Tag
Nessun Tag, puoi essere il primo ad aggiungerne!!

MARC

LEADER 00000nla$a2200000$$$4500
001 0093187
005 20240502072035.3
041 0 |a slo 
044 |a SK 
245 1 0 |a Ekonomické aspekty využitia biomasy v podmienkach Slovenska  |c Matej Polák 
100 1 |a Polák, Matej